00585nam a2200193Ia 450000500170000000800410001702000200005804000190007804100120009708200110010910000190012024500940013926000320023330000080026550400680027365000120034170000280035385000100038120231011094311.0131103s9999 xx 000 0 und d a1860462642c780 aLoreto College aEnglish aFbSAR aSaramago, Jose aBaltasar and BlimundacJose Saramago, translated from the Portuguese by Giovanni Pontiero aLondonbHarvill Pressc1998 a343 aFirst published in Portugal with the title Memorial do convento aFiction aPontiero, Giovanni, tr. aLCLIB